000 00624cab a2200181 4500
001 WB2611-17
008 090401t1990 xxu||||| |||| 00| 0 eng d
035 _a(Sirsi) u9707
041 _aeng
245 _aHomelessness increases
260 _c1990
350 _a0
490 _aTimes
_v14/3/90 p6
520 _aThe Joseph Rowntree Memorial Trust blames lack of investment in housebuilding and council tenants ` right to buy for the increasing number of homeless families, while the Government has promised £2bn for housing associations over the next 2 years.
690 _aHOUSING
942 _n0
948 _c04/03/1997
999 _c6099
_d6099